[Event "Olympiad-44"]
[Site "Chennai"]
[Date "2022.08.05"]
[Round "7.3"]
[White "Li, Georgiy"]
[Black "Al Homaid, Abdulla"]
[Result "1-0"]
[WhiteElo "1994"]
[BlackElo "1358"]
[PlyCount "97"]
[EventDate "2022.07.29"]
[EventType "team-swiss"]
[EventRounds "11"]
[EventCountry "IND"]
[SourceTitle "CBM 210"]
[Source "ChessBase"]
[SourceDate "2022.10.31"]
[SourceVersion "1"]
[SourceVersionDate "2022.10.31"]
[SourceQuality "1"]
[WhiteTeam "South Korea"]
[BlackTeam "Qatar"]
[WhiteTeamCountry "KOR"]
[BlackTeamCountry "QAT"]

1. e4 e5 2. Nf3 Nc6 3. Be2 Nf6 4. Nc3 Bc5 5. Nxe5 Nxe5 6. d4 Bxd4 7. Qxd4 Nc6 8. Qa4 d6 9. Bg5 h6 10. Bh4 Bd7 11. Nd5 g5 12. Bg3 Nxd5 13. exd5 Ne5 14. Qb3 b6 15. 0-0 0-0 16. f4 Ng6 17. fxg5 hxg5 18. Bh5 Kh7 19. Qc3 f5 20. Rae1 Rc8 21. Qd3 Qf6 22. c3 a5 23. Qd1 Rce8 24. Be2 Re7 25. Bf2 Rfe8 26. Bd4 Qf8 27. g3 Re4 28. Bd3 Rxe1 29. Rxe1 Rxe1+ 30. Qxe1 Qe7 31. Qxe7+ Nxe7 32. Bf6 Nxd5 33. Bxg5 Kg6 34. Bd8 b5 35. Kf2 a4 36. h4 c5 37. g4 b4 38. gxf5+ Kg7 39. c4 Nf6 40. Kf3 Bc6+ 41. Kf4 Be8 42. Be7 d5 43. Ke5 Nd7+ 44. Kxd5 Bf7+ 45. Kd6 Be8 46. Bg5 b3 47. axb3 axb3 48. h5 Nf6 49. Ke7 1-0

[Event "Olympiad-44"]
[Site "Chennai"]
[Date "2022.08.02"]
[Round "5.3"]
[White "Li, Georgiy"]
[Black "Sakhawaty, Sepehr"]
[Result "1/2-1/2"]
[WhiteElo "1994"]
[BlackElo "1809"]
[PlyCount "99"]
[EventDate "2022.07.29"]
[EventType "team-swiss"]
[EventRounds "11"]
[EventCountry "IND"]
[SourceTitle "CBM 210"]
[Source "ChessBase"]
[SourceDate "2022.10.31"]
[SourceVersion "1"]
[SourceVersionDate "2022.10.31"]
[SourceQuality "1"]
[WhiteTeam "South Korea"]
[BlackTeam "Afghanistan"]
[WhiteTeamCountry "KOR"]
[BlackTeamCountry "AFG"]

1. c4 c5 2. Nf3 g6 3. g3 Bg7 4. Bg2 Nc6 5. 0-0 e5 6. Nc3 Nge7 7. d3 d6 8. Bg5 Be6 9. Qc1 0-0 10. Bh6 f6 11. Rb1 Qd7 12. Re1 Bh3 13. Bh1 Nf5 14. Bxg7 Kxg7 15. e3 h5 16. a3 a5 17. Nd5 Rab8 18. b4 b6 19. Qd2 Nfe7 20. bxc5 bxc5 21. Nxe7 Qxe7 22. Rb5 Bd7 23. Reb1 a4 24. Rb7 Rxb7 25. Rxb7 Rb8 26. Rxb8 Nxb8 27. Qa5 Bc6 28. Nd2 Bxh1 29. Kxh1 h4 30. Kg2 Qb7+ 31. Kf1 h3 32. Qd8 Nc6 33. Qxd6 Na5 34. Ke2 Nb3 35. Ne4 Nc1+ 36. Kd1 Qb1 37. Qxf6+ Kg8 38. Qxg6+ Kf8 39. Qf5+ Kg8 40. Nf6+ Kf8 41. Nd5+ Kg7 42. Qg5+ Kh8 43. Qxe5+ Kg8 44. Qe8+ Kg7 45. Qd7+ Kh8 46. Qxh3+ Kg7 47. Qd7+ Kh8 48. Nf6 Ne2+ 49. Kxe2 Qd1+ 50. Kxd1 1/2-1/2

[Event "Seoul Korea Masters"]
[Site "Seoul"]
[Date "2021.12.11"]
[Round "7"]
[White "Chon, Yongjoon"]
[Black "Li, Georgiy"]
[Result "0-1"]
[WhiteElo "1857"]
[BlackElo "2035"]
[PlyCount "124"]
[EventDate "2021.12.06"]
[EventType "tourn"]
[EventRounds "7"]
[EventCountry "KOR"]
[SourceTitle "EXT 2023"]
[Source "ChessBase"]
[SourceDate "2022.10.05"]
[SourceVersion "1"]
[SourceVersionDate "2022.10.05"]
[SourceQuality "1"]

1. d4 d5 2. Nc3 Nf6 3. Bf4 e6 4. Nb5 Na6 5. e3 c6 6. Nc3 Bd6 7. Nf3 0-0 8. Ne5 c5 9. Bxa6 bxa6 10. 0-0 Qc7 11. Ne2 Nh5 12. c3 Rb8 13. Rb1 Nxf4 14. exf4 f6 15. dxc5 Bxe5 16. fxe5 fxe5 17. b4 a5 18. Qd3 Bd7 19. Qg3 Bb5 20. Rfe1 Rf7 21. f3 Bd3 22. Rb2 axb4 23. Nc1 Qxc5+ 24. Kh1 Bf5 25. Qxe5 Rc8 26. cxb4 Qxc1 27. g4 Qc3 28. gxf5 Qxf3+ 29. Kg1 Rc4 30. Rg2 Rg4 31. Rxg4 Qxg4+ 32. Kh1 Qf3+ 33. Kg1 Qxf5 34. Qxf5 exf5 35. Re8+ Rf8 36. Re5 d4 37. Rd5 Rc8 38. a3 Rc1+ 39. Kf2 Rc2+ 40. Kg1 Ra2 41. Rd8+ Kf7 42. Rd7+ Ke6 43. Rxd4 Rxa3 44. Rc4 Ke5 45. Rc7 Kf6 46. Rc6+ Kg5 47. Rc7 Kh6 48. Kf2 a6 49. Ra7 Ra4 50. Rb7 g5 51. Kg2 Kg6 52. Rb6+ Kh5 53. Rb7 h6 54. Rb6 g4 55. Rf6 Kg5 56. Rb6 h5 57. Kg3 h4+ 58. Kg2 Ra2+ 59. Kg1 h3 60. Rb8 Kf4 61. Rc8 Kf3 62. Rc3+ Ke2 0-1

[Event "Agzamov Memorial 04th"]
[Site "Tashkent"]
[Date "2010.03.25"]
[Round "3"]
[White "Li, Georgiy"]
[Black "Ismagambetov, Anuar"]
[Result "0-1"]
[WhiteElo "2110"]
[BlackElo "2508"]
[PlyCount "114"]
[EventDate "2010.03.23"]
[EventType "swiss"]
[EventRounds "9"]
[EventCountry "UZB"]
[SourceTitle "CBM 135 Extra"]
[Source "ChessBase"]
[SourceDate "2010.05.04"]
[SourceVersion "1"]
[SourceVersionDate "2010.05.04"]
[SourceQuality "1"]

1. c4 c5 2. Nc3 Nc6 3. Nf3 g6 4. d4 cxd4 5. Nxd4 Bg7 6. Nxc6 bxc6 7. e4 d6 8. Be2 Nf6 9. 0-0 0-0 10. Bg5 Rb8 11. b3 Re8 12. h3 Qa5 13. Bd2 Qc7 14. Rc1 Bb7 15. Bf3 Nd7 16. g3 Nc5 17. Be3 Qa5 18. Qd2 Rbd8 19. Rfd1 Bc8 20. Bg2 Ne6 21. Rc2 c5 22. Ne2 Qc7 23. Qd3 Bb7 24. Rcd2 Ra8 25. f4 Nd8 26. Kh2 Nc6 27. Qb1 Red8 28. h4 Rab8 29. Qc1 a5 30. Nc3 Ba6 31. Nd5 Qa7 32. Qa3 Bc8 33. e5 Bg4 34. Re1 Rbc8 35. Bf2 Be6 36. Nc3 Qb8 37. Bxc6 Rxc6 38. Qxa5 Rd7 39. Ne4 Ra7 40. Qc3 dxe5 41. Red1 Rc8 42. Bxc5 Rac7 43. Qe3 Bg4 44. Re1 f5 45. Bb6 exf4 46. gxf4 fxe4 47. c5 Bf3 48. b4 Rc6 49. Red1 Bxd1 50. Rxd1 Rf6 51. Rd7 Bh6 52. Qxe4 Rxf4 53. Qd5+ Rf7+ 54. Kh3 Qf4 55. c6 Qf1+ 56. Kg4 Qf5+ 57. Qxf5 gxf5+ 0-1

[Event "Dubai op"]
[Site "Dubai"]
[Date "2002.04.16"]
[Round "2"]
[White "Li, Georgiy"]
[Black "Sale, Srdjan"]
[Result "0-1"]
[WhiteElo "2246"]
[BlackElo "2402"]
[PlyCount "58"]
[EventDate "2002.04.15"]
[EventType "swiss"]
[EventRounds "9"]
[EventCountry "UAE"]
[SourceTitle "CBM 087 Extra"]
[Source "ChessBase"]
[SourceDate "2002.05.03"]
[SourceVersion "2"]
[SourceVersionDate "2002.08.09"]
[SourceQuality "1"]

1. c4 g6 2. Nc3 Bg7 3. Nf3 c5 4. g3 Nc6 5. Bg2 e6 6. 0-0 Nge7 7. d3 0-0 8. Be3 b6 9. d4 Nf5 10. Bg5 f6 11. d5 Na5 12. Bc1 Rb8 13. b3 e5 14. g4 Nd6 15. a4 a6 16. Bd2 f5 17. gxf5 gxf5 18. Kh1 e4 19. Ng5 e3 20. fxe3 Qxg5 21. e4 f4 22. Rf3 Bb7 23. e3 fxe3 24. Bxe3 Qe5 25. Rg3 Rf6 26. Rc1 Rg6 27. Rxg6 hxg6 28. Qg4 Rf8 29. Qxg6 Nxb3 0-1

[Event "Dubai op"]
[Site "Dubai"]
[Date "2002.04.15"]
[Round "1"]
[White "Timofeev, Artyom"]
[Black "Li, Georgiy"]
[Result "1-0"]
[WhiteElo "2552"]
[BlackElo "2246"]
[PlyCount "107"]
[EventDate "2002.04.15"]
[EventType "swiss"]
[EventRounds "9"]
[EventCountry "UAE"]
[SourceTitle "CBM 087 Extra"]
[Source "ChessBase"]
[SourceDate "2002.05.03"]
[SourceVersion "2"]
[SourceVersionDate "2002.08.09"]
[SourceQuality "1"]

1. e4 e5 2. Nf3 Nc6 3. Bb5 a6 4. Ba4 Nf6 5. 0-0 Be7 6. Re1 b5 7. Bb3 d6 8. c3 0-0 9. h3 h6 10. d4 Bd7 11. Nbd2 Re8 12. Nf1 Bf8 13. Ng3 Na5 14. Bc2 c5 15. b3 cxd4 16. cxd4 Nc6 17. Bb2 Rc8 18. Qd2 Rc7 19. d5 Ne7 20. Bd3 Ng6 21. Bc3 Qb8 22. Ba5 Rb7 23. Rac1 Nf4 24. Bf1 Be7 25. Rc2 Bd8 26. Rec1 g6 27. Qb4 Kg7 28. Bxd8 Rxd8 29. Nd2 Ne8 30. Qa3 Qa7 31. b4 Rbb8 32. Nb3 Qb6 33. Na5 Rdc8 34. Nc6 Rb7 35. Qe3 Qxe3 36. fxe3 Nh5 37. Nxh5+ gxh5 38. Bd3 Rbc7 39. a4 Bxc6 40. Rxc6 Rxc6 41. dxc6 Nc7 42. axb5 axb5 43. Ra1 Kf6 44. h4 Ke6 45. Bc2 Ra8 46. Bb3+ Ke7 47. Rf1 f6 48. Rf5 Ra3 49. Bd5 Rxe3 50. Rxh5 Rd3 51. Rxh6 Rxd5 52. exd5 Nxd5 53. Rh7+ Ke6 54. h5 1-0

[Event "Abu Dhabi op 11th"]
[Site "Abu Dhabi"]
[Date "2001.08.28"]
[Round "4"]
[White "Molina Morena, Antonio"]
[Black "Li, Georgiy"]
[Result "0-1"]
[WhiteElo "2293"]
[BlackElo "2239"]
[PlyCount "96"]
[EventDate "2001.08.25"]
[EventType "swiss"]
[EventRounds "9"]
[EventCountry "UAE"]
[SourceTitle "EXT 2002"]
[Source "ChessBase"]
[SourceDate "2001.11.25"]
[SourceVersion "1"]
[SourceVersionDate "2001.11.25"]
[SourceQuality "1"]

1. d4 Nf6 2. c4 e6 3. Nc3 d5 4. cxd5 exd5 5. Bg5 c6 6. Qc2 Be7 7. e3 0-0 8. Bd3 h6 9. Bh4 Nbd7 10. Nge2 Re8 11. h3 Nf8 12. g4 Ne4 13. Bxe7 Qxe7 14. Bxe4 dxe4 15. Ng3 c5 16. d5 b5 17. Nxb5 Qd7 18. Nc3 a5 19. Ngxe4 Qe7 20. Ng3 a4 21. a3 Bd7 22. 0-0-0 Ng6 23. Nf5 Qe5 24. Rde1 Reb8 25. f4 Qc7 26. Rhg1 Rb3 27. Qe4 Rab8 28. Rg2 Qa5 29. Qc4 Bc8 30. Rc2 Ba6 31. Qxa4 Qb6 32. Qc6 Qa5 33. Qa4 Qb6 34. Nd1 Bd3 35. Rd2 Kh7 36. h4 Qd8 37. h5 Qxd5 38. hxg6+ fxg6 39. Ne7 Qe6 40. Rxd3 Rxd3 41. Nc6 Rb6 42. Ne5 Rdb3 43. Qd7 Qg8 44. Qf7 Qa8 45. Nxg6 Rxb2 46. Ne7 Rb1+ 47. Kd2 Rd6+ 48. Kc3 Qxa3+ 0-1